| 000 | 01094nam a2200277 i 4500 | ||
|---|---|---|---|
| 001 | 8816 | ||
| 003 | KOSZ 005 | ||
| 005 | 20200513114159.0 | ||
| 008 | 120228s1954 pl a f 000 0 pol | ||
| 015 | _aPB 1954/6904 | ||
| 040 |
_aWA N _cKOSZ 005/RW _dKOSZ 005/RW |
||
| 041 | 1 |
_apol _hrus |
|
| 080 | _a621+016 | ||
| 100 | 1 |
_aŠestopal, Viktor Mihajlovič. _eAutor |
|
| 245 | 1 | 0 |
_aOdlewnictwo w budowie obrabiarek / _cW. M. Szestopał ; [tł. Jerzy Lutosławski]. |
| 246 | 1 |
_iTyt. oryg.: _aLitë v stankostroenii. |
|
| 260 |
_aWarszawa : _bPaństwowe Wydawnictwa Techniczne, _c1954. |
||
| 300 |
_a260, [2] s. : _bil. ; _c25 cm. |
||
| 380 | _aKsiążki. | ||
| 504 | _aBibliogr. s. 259-[261]. | ||
| 521 | 8 | _aKsiążka przeznaczona dla inżynierów i techników odlewników oraz konstruktorów projektujących obrabiarki. | |
| 710 | 2 |
_aPaństwowe Wydawnictwa Techniczne _4pbl. |
|
| 700 | 1 |
_aLutosławski, Jerzy _d(1904-1974) _eTłumaczenie |
|
| 856 |
_uhttp://koha.tu.koszalin.pl/cgi-bin/koha/opac-detail.pl?biblionumber=8816 _yKatalog online BPK |
||
| 942 |
_2UKD _cKS |
||
| 999 |
_c8816 _d8816 |
||